Cikáni : pět leptů /

Hlavní autor: Alex, Adolf J., 1890-1957
Další autoři: Herain, Karel Vladimír, 1890-1953
Jazyk: Čeština
Vydáno: Praha : Topič, 1920
Fyzický popis: 5 vol. listů ; fol.
Knihy
Uloženo v:
LEADER 00642nam a22001932a 4500
001 000586377
003 CZ BrMZK
005 20020208141334.0
008 020207s1920 xr f cze d
040 |a BOA001  |c ze  |d BOA001 
100 1 |a Alex, Adolf J.,  |d 1890-1957  |7 jk01010182  |4 aut 
245 1 0 |a Cikáni :  |b pět leptů /  |c Adolf J. Alex ; text Karel Herain 
260 |a Praha :  |b Topič,  |c 1920 
300 |a 5 vol. listů ;  |c fol. 
700 1 |a Herain, Karel Vladimír,  |d 1890-1953  |7 jk01040768 
910 |a BOA001  |b 7-0613.370 
990 |a BK 
993 |a Y 
996 6 |b 2619709757  |c 7-0613.370  |l MZK  |r DEP / do 15 dnů  |n 2  |w 000586378  |u 000010  |a 240  |e BOA001  |j MZK50  |s P